LEADER 01207nam0 22003131i 450 001 UON00047019 005 20231205102210.886 100 $a20020107f1970 |0itac50 ba 101 $aurd 102 $aIN 105 $a|||| 1|||| 200 1 $aManorma$fPremcand 210 $aNai Dilli$cDaimand Pakit buks$d[1960 circa] 215 $a183 p.$d18 cm 410 1$1001UON00047015$12001 $aPremcand adab 606 $aLETTERATURA HINDI$xNARRATIVA$xTRADUZIONI IN URDU$3UONC016209$2FI 620 $aIN$dNew Delhi$3UONL000110 686 $aSI VI DD$cSUBCONT. INDIANO - LETTERATURA URDU - TRADUZIONI DA ALTRE LINGUE$2A 700 0$aPREMACHANDA$3UONV006117$0638530 712 $aDaimand Pakit buks$3UONV253385$4650 790 0$aPREMCHAND$zPREMACHANDA$3UONV008427 790 0$aPREMACHAND$zPREMACHANDA$3UONV091719 790 0$aPREMCAND$zPREMACHANDA$3UONV092365 801 $aIT$bSOL$c20240220$gRICA 899 $aSIBA - SISTEMA BIBLIOTECARIO DI ATENEO$2UONSI 912 $aUON00047019 950 $aSIBA - SISTEMA BIBLIOTECARIO DI ATENEO$dSI SI VI DD 040 N $eSI SA 92335 7 040 N 996 $aManorma$91157140 997 $aUNIOR